Normal view
MARC view
Entry Topical Term
001 - CONTROL NUMBER
- control field: 865724
003 - CONTROL NUMBER IDENTIFIER
- control field: OSt
005 - DATE AND TIME OF LATEST TRANSACTION
- control field: 20260114154753.0
008 - FIXED-LENGTH DATA ELEMENTS
- fixed length control field: 260114|| aca||aabn | a|a d
040 ## - CATALOGING SOURCE
- Original cataloging agency: OSt
- Transcribing agency: OSt
150 ## - HEADING--TOPICAL TERM
- Topical term or geographic name entry element: Buddhism
670 ## - SOURCE DATA FOUND
- Source citation: Work cat.: (OSt)1468173: Sukhija Neha Au. 865723, Perception: A comparative study between buddhism and nyaya, 2021
